[Event "Landesliga Sued 1920"]
[Site "Bayern"]
[Date "2019.12.08"]
[Round "4.7"]
[White "Kempter, Ronald"]
[Black "Mueller, Lukas1111"]
[Result "1/2-1/2"]
[WhiteElo "2182"]
[BlackElo "2005"]
[PlyCount "74"]
[EventDate "2019.09.29"]
[EventType "team-tourn"]
[EventRounds "9"]
[EventCountry "GER"]
[SourceTitle "EXT 2021"]
[Source "ChessBase"]
[SourceDate "2020.10.23"]
[SourceVersion "1"]
[SourceVersionDate "2020.10.23"]
[SourceQuality "1"]
[WhiteTeam "Groebenzell"]
[BlackTeam "MSA Zugzwang II"]
[WhiteTeamCountry "GER"]
[BlackTeamCountry "GER"]

1. Nf3 Nf6 2. g3 d5 3. Bg2 e6 4. 0-0 Be7 5. c4 c6 6. d4 0-0 7. Qc2 Nbd7 8. Nbd2 b6 9. e4 dxc4 10. Nxc4 h6 11. Rd1 Bb7 12. Nfe5 b5 13. Nxd7 Nxd7 14. Ne3 Nf6 15. b3 Qb6 16. Bb2 a5 17. a3 Rfd8 18. Rac1 Rd7 19. h3 Rad8 20. Kh2 Bf8 21. f4 Ba6 22. Qxc6 Qxc6 23. Rxc6 Bb7 24. Rb6 b4 25. axb4 Bxb4 26. Nc2 Bxe4 27. Bxe4 Nxe4 28. Nxb4 axb4 29. Rxb4 Rc7 30. Rc1 Rxc1 31. Bxc1 Rc8 32. Rc4 Rb8 33. b4 Nd6 34. Rc6 Ne4 35. Rc4 Nd6 36. Rc6 Ne4 37. Rc4 Nd6 1/2-1/2

[Event "Landesliga Sued 1819"]
[Site "Bayern"]
[Date "2019.02.24"]
[Round "7.5"]
[White "Fauth, Dietmar"]
[Black "Kempter, Ronald"]
[Result "1/2-1/2"]
[WhiteElo "2084"]
[BlackElo "2157"]
[PlyCount "70"]
[EventDate "2018.10.21"]
[EventType "team-tourn"]
[EventRounds "9"]
[EventCountry "GER"]
[SourceTitle "EXT 2022"]
[Source "ChessBase"]
[SourceDate "2021.10.06"]
[SourceVersion "1"]
[SourceVersionDate "2021.10.06"]
[SourceQuality "1"]
[WhiteTeam "Muenchen SC II"]
[BlackTeam "Groebenzell"]
[WhiteTeamCountry "GER"]
[BlackTeamCountry "GER"]

1. e4 e5 2. Nf3 Nc6 3. Bc4 Bc5 4. d3 d6 5. c3 a6 6. Bb3 Ba7 7. Nbd2 Nf6 8. h3 h6 9. Nf1 Ne7 10. Ng3 Ng6 11. Nf5 Bxf5 12. exf5 Ne7 13. g4 c6 14. Qe2 Qc7 15. Bd2 Rf8 16. 0-0-0 0-0-0 17. Nh4 Qd7 18. f4 exf4 19. Bxf4 Ned5 20. Bd2 Rde8 21. Qf3 Be3 22. Ng2 Bxd2+ 23. Kxd2 Re5 24. Rde1 Rfe8 25. Rxe5 dxe5 26. Kc1 e4 27. dxe4 Rxe4 28. Re1 Rxe1+ 29. Nxe1 Qd6 30. Bxd5 Nxd5 31. Nd3 Qe7 32. Kd2 Qg5+ 33. Kc2 Qe7 34. Kd2 Qg5+ 35. Kc2 Qe7 1/2-1/2

[Event "Landesliga Sued 1819"]
[Site "Bayern"]
[Date "2018.11.25"]
[Round "3.4"]
[White "Czap, Bernard"]
[Black "Kempter, Ronald"]
[Result "1/2-1/2"]
[WhiteElo "2031"]
[BlackElo "2157"]
[PlyCount "77"]
[EventDate "2018.10.21"]
[EventType "team-tourn"]
[EventRounds "9"]
[EventCountry "GER"]
[SourceTitle "EXT 2022"]
[Source "ChessBase"]
[SourceDate "2021.10.06"]
[SourceVersion "1"]
[SourceVersionDate "2021.10.06"]
[SourceQuality "1"]
[WhiteTeam "Unterhaching"]
[BlackTeam "Groebenzell"]
[WhiteTeamCountry "GER"]
[BlackTeamCountry "GER"]

1. c4 Nf6 2. g3 c5 3. Bg2 Nc6 4. Nf3 g6 5. 0-0 d6 6. Nc3 Bg7 7. d4 cxd4 8. Nxd4 Bd7 9. Nc2 Rc8 10. b3 0-0 11. Bb2 Qa5 12. Nb5 a6 13. Bc3 Qd8 14. Nba3 Rb8 15. Nd4 Nxd4 16. Bxd4 Bc6 17. Nc2 Qa5 18. a4 Qh5 19. e3 Qxd1 20. Rfxd1 Rfc8 21. Nb4 Bxg2 22. Kxg2 a5 23. Bxf6 Bxf6 24. Nd5 Kg7 25. Ra2 Rc6 26. Rad2 Rd8 27. e4 e6 28. Nxf6 Kxf6 29. f4 Ke7 30. Kf3 Rc7 31. Ke3 Rcd7 32. h4 h5 33. Rd3 f6 34. f5 gxf5 35. exf5 e5 36. Rd5 b6 37. Rb5 Rb7 38. Rdd5 Rc8 39. Ke4 1/2-1/2

[Event "Landesliga Sued 1718"]
[Site "Bayern"]
[Date "2018.02.04"]
[Round "6.2"]
[White "Kempter, Ronald"]
[Black "Meier, Volker"]
[Result "0-1"]
[WhiteElo "2162"]
[BlackElo "2211"]
[PlyCount "74"]
[EventDate "2017.10.22"]
[EventType "team-tourn"]
[EventRounds "9"]
[EventCountry "GER"]
[SourceTitle "EXT 2022"]
[Source "ChessBase"]
[SourceDate "2021.10.06"]
[SourceVersion "1"]
[SourceVersionDate "2021.10.06"]
[SourceQuality "1"]
[WhiteTeam "Groebenzell"]
[BlackTeam "Muenchen Tarrasch"]
[WhiteTeamCountry "GER"]
[BlackTeamCountry "GER"]

1. Nf3 c5 2. c4 b6 3. g3 Bb7 4. Bg2 g6 5. 0-0 Bg7 6. Nc3 Nf6 7. d4 Ne4 8. Nxe4 Bxe4 9. d5 0-0 10. Re1 e6 11. Bg5 Qc7 12. Qd2 exd5 13. cxd5 Re8 14. Bh6 Bh8 15. Bh3 Qd6 16. Rad1 Qf6 17. Ng5 Qxb2 18. Qf4 Qf6 19. Qc7 Bf5 20. Bxf5 gxf5 21. Qb7 Qxh6 22. h4 Na6 23. Qxa6 f4 24. Qd3 Qg6 25. Qxg6+ fxg6 26. gxf4 Bc3 27. e4 Bxe1 28. Rxe1 h6 29. Nf3 Rf8 30. Ne5 Rxf4 31. Nxd7 Rd8 32. Ne5 Re8 33. Nc6 Rfxe4 34. Rxe4 Rxe4 35. f3 Re2 36. Kf1 Rxa2 37. Ke1 Kf7 0-1

[Event "Landesliga Sued 1718"]
[Site "Bayern"]
[Date "2017.11.12"]
[Round "2.2"]
[White "Nuber, Korbinian"]
[Black "Kempter, Ronald"]
[Result "1/2-1/2"]
[WhiteElo "2250"]
[BlackElo "2162"]
[PlyCount "179"]
[EventDate "2017.10.22"]
[EventType "team-tourn"]
[EventRounds "9"]
[EventCountry "GER"]
[SourceTitle "EXT 2022"]
[Source "ChessBase"]
[SourceDate "2021.10.06"]
[SourceVersion "1"]
[SourceVersionDate "2021.10.06"]
[SourceQuality "1"]
[WhiteTeam "Dillingen"]
[BlackTeam "Groebenzell"]
[WhiteTeamCountry "GER"]
[BlackTeamCountry "GER"]

1. e4 e5 2. Nf3 Nc6 3. Bb5 a6 4. Bxc6 dxc6 5. 0-0 Be6 6. d4 exd4 7. Nxd4 Bc4 8. Re1 c5 9. Nf5 Qxd1 10. Rxd1 g6 11. Ne3 Be6 12. Nd5 0-0-0 13. Nbc3 h6 14. Bf4 Bd6 15. Nb6+ Kb8 16. Bxd6 Rxd6 17. Rxd6 cxd6 18. Ncd5 Bxd5 19. Nxd5 h5 20. Rd1 Nh6 21. Nf6 Kc7 22. f3 Rd8 23. a4 Ng8 24. Nd5+ Kd7 25. Ne3 Ke6 26. Rd3 Ne7 27. Rb3 Rd7 28. Nc4 f6 29. Na5 Nc6 30. Nxc6 bxc6 31. Rb6 Rc7 32. Rxa6 Rb7 33. b3 Kd7 34. Ra8 c4 35. Rg8 cxb3 36. cxb3 Rxb3 37. Rxg6 Ke6 38. Rh6 Ra3 39. Rxh5 Rxa4 40. Rh8 c5 41. h4 c4 42. Rb8 Ra1+ 43. Kf2 Rh1 44. Rc8 Rxh4 45. Rxc4 Rh5 46. Ra4 Rb5 47. Ra7 d5 48. exd5+ Rxd5 49. Rg7 Kf5 50. Kg3 Rd4 51. Rg8 Ra4 52. Rb8 Ra2 53. Rb5+ Kg6 54. f4 Rc2 55. Kh3 Rf2 56. g3 Ra2 57. Rb4 Ra3 58. Kh4 Ra6 59. g4 Ra1 60. Rb6 Rh1+ 61. Kg3 Rg1+ 62. Kf3 Rf1+ 63. Ke3 Re1+ 64. Kf2 Re7 65. Kg3 Kg7 66. Kf3 Kf7 67. f5 Ra7 68. Kg3 Kg7 69. Kh4 Rc7 70. Kh5 Ra7 71. g5 fxg5 72. Kxg5 Kf7 73. Rh6 Ra5 74. Rh7+ Kg8 75. Re7 Kf8 76. Rb7 Ra6 77. Rc7 Rb6 78. Ra7 Rc6 79. Kf4 Rb6 80. Ke5 Rb5+ 81. Kf6 Rb6+ 82. Kg5 Rc6 83. f6 Rc1 84. Ra5 Rg1+ 85. Kf5 Rf1+ 86. Kg6 Rg1+ 87. Rg5 Rxg5+ 88. Kxg5 Kf7 89. Kf5 Kf8 90. Kg6 1/2-1/2

[Event "Landesliga Sued 1617"]
[Site "Bayern"]
[Date "2016.10.16"]
[Round "1.3"]
[White "Kempter, Ronald"]
[Black "Schleich, Markus"]
[Result "0-1"]
[WhiteElo "2166"]
[BlackElo "2173"]
[PlyCount "76"]
[EventDate "2016.10.16"]
[EventType "team-tourn"]
[EventRounds "9"]
[EventCountry "GER"]
[SourceTitle "EXT 2019"]
[Source "ChessBase"]
[SourceDate "2018.10.10"]
[SourceVersion "1"]
[SourceVersionDate "2018.10.10"]
[SourceQuality "1"]
[WhiteTeam "Groebenzell"]
[BlackTeam "Garching II"]
[WhiteTeamCountry "GER"]
[BlackTeamCountry "GER"]

1. Nf3 Nf6 2. g3 g6 3. Bg2 Bg7 4. 0-0 0-0 5. c4 d6 6. d4 Nc6 7. Nc3 a6 8. d5 Na5 9. Nd2 c5 10. Qc2 Rb8 11. b3 b5 12. Bb2 Bh6 13. f4 bxc4 14. bxc4 e5 15. dxe6 Bxe6 16. Nd5 Nxd5 17. cxd5 Rxb2 18. Qxb2 Bg7 19. Qc1 Bd7 20. Rb1 Bb5 21. Re1 Qc7 22. Ne4 Nb7 23. Kh1 c4 24. Nc3 Qa5 25. Nxb5 axb5 26. e4 Nc5 27. Re2 Nd3 28. Qd2 b4 29. Bf1 Qc5 30. Qc2 Ra8 31. Rd2 Nb2 32. Qc1 c3 33. Rdxb2 cxb2 34. Qxc5 dxc5 35. Bc4 Ra3 36. Kg2 Rc3 37. Be2 Rc1 38. Bd3 c4 0-1

[Event "Oberliga Bayern 1415"]
[Site "Germany"]
[Date "2015.02.01"]
[Round "6.6"]
[White "Kukov, Velislav"]
[Black "Kempter, Ronald"]
[Result "1/2-1/2"]
[WhiteElo "2358"]
[BlackElo "2248"]
[PlyCount "76"]
[EventDate "2014.10.19"]
[EventType "team-tourn"]
[EventRounds "9"]
[EventCountry "GER"]
[SourceTitle "EXT 2016"]
[Source "ChessBase"]
[SourceDate "2015.10.08"]
[SourceVersion "1"]
[SourceVersionDate "2015.10.08"]
[SourceQuality "1"]
[WhiteTeam "Goeggingen"]
[BlackTeam "Groebenzell"]
[WhiteTeamCountry "GER"]
[BlackTeamCountry "GER"]

1. d4 Nf6 2. Bg5 e6 3. e3 c5 4. c3 b6 5. Nf3 Bb7 6. Nbd2 Be7 7. Bd3 d6 8. 0-0 Nbd7 9. Qe2 h6 10. Bxf6 Nxf6 11. e4 Qc7 12. a4 a6 13. Rfe1 0-0 14. e5 Nd7 15. Rad1 Rfe8 16. Bb1 cxd4 17. cxd4 Rac8 18. Qd3 Nf8 19. Ne4 dxe5 20. dxe5 Red8 21. Qe3 Rxd1 22. Rxd1 Bd5 23. Nc3 Bxf3 24. gxf3 Qc5 25. Rd4 b5 26. Bd3 Qb6 27. Ne4 bxa4 28. Nd6 Bxd6 29. exd6 Qxb2 30. Rxa4 Qc1+ 31. Kg2 Qd1 32. Rd4 Qa1 33. Rb4 Rd8 34. Qb6 Qf6 35. Rf4 Qg5+ 36. Rg4 Qf6 37. Rf4 Qg5+ 38. Rg4 Qf6 1/2-1/2

[Event "Landesliga Sued 1314"]
[Site "Bayern"]
[Date "2014.02.09"]
[Round "6.1"]
[White "Bayer, Bernhard"]
[Black "Kempter, Ronald"]
[Result "1/2-1/2"]
[WhiteElo "2457"]
[BlackElo "2248"]
[PlyCount "89"]
[EventDate "2013.10.13"]
[EventType "team-tourn"]
[EventRounds "9"]
[EventCountry "GER"]
[SourceTitle "EXT 2015"]
[Source "ChessBase"]
[SourceDate "2014.11.20"]
[SourceVersion "1"]
[SourceVersionDate "2014.11.20"]
[SourceQuality "1"]
[WhiteTeam "Weilheim"]
[BlackTeam "Krumbach"]
[WhiteTeamCountry "GER"]
[BlackTeamCountry "GER"]

1. Nf3 Nf6 2. d4 c5 3. c4 cxd4 4. Nxd4 e5 5. Nc2 d5 6. cxd5 Qxd5 7. Qxd5 Nxd5 8. e4 Nb4 9. Nxb4 Bxb4+ 10. Bd2 Bxd2+ 11. Nxd2 Nc6 12. Bb5 Bd7 13. Nb3 Nb4 14. Bxd7+ Kxd7 15. 0-0-0+ Kc7 16. a3 Nc6 17. Rd3 b6 18. Rg3 Rhg8 19. Re1 Rac8 20. Ree3 Kd6 21. Kb1 Ke6 22. Rc3 Ne7 23. Rxc8 Nxc8 24. Rc3 Kd7 25. Nd2 Nd6 26. Rh3 h6 27. Rd3 Ke6 28. Rc3 Rc8 29. Kc2 Rxc3+ 30. Kxc3 Kd7 31. f3 f6 32. a4 Kc6 33. Nc4 Nxc4 34. Kxc4 a6 35. h3 h5 36. h4 g5 37. g3 gxh4 38. gxh4 Kd6 39. Kb4 Kc6 40. a5 b5 41. Kc3 Kc5 42. b4+ Kd6 43. Kd3 Ke6 44. Ke3 Kd6 45. Kd3 1/2-1/2

[Event "Landesliga Sued 1314"]
[Site "Bayern"]
[Date "2013.11.10"]
[Round "2.1"]
[White "Schmidt, Peter"]
[Black "Kempter, Ronald"]
[Result "1/2-1/2"]
[WhiteElo "2377"]
[BlackElo "2248"]
[PlyCount "80"]
[EventDate "2013.10.13"]
[EventType "team-tourn"]
[EventRounds "9"]
[EventCountry "GER"]
[SourceTitle "EXT 2015"]
[Source "ChessBase"]
[SourceDate "2014.11.20"]
[SourceVersion "1"]
[SourceVersionDate "2014.11.20"]
[SourceQuality "1"]
[WhiteTeam "Roehrnbach"]
[BlackTeam "Krumbach"]
[WhiteTeamCountry "GER"]
[BlackTeamCountry "GER"]

1. Nf3 Nf6 2. g3 g6 3. b3 Bg7 4. Bb2 0-0 5. Bg2 d6 6. d4 c5 7. 0-0 cxd4 8. Nxd4 d5 9. c4 dxc4 10. Na3 cxb3 11. Qxb3 Nc6 12. Nxc6 bxc6 13. Rfd1 Qc7 14. Nb5 Qb7 15. Nd4 Qxb3 16. axb3 Bb7 17. Nxc6 Bxc6 18. Bxc6 Rab8 19. Rd3 Rb6 20. Ba4 e6 21. Rc1 Nd5 22. Ba3 Rfb8 23. e4 Nb4 24. Rd7 R6b7 25. Rxb7 Rxb7 26. Rc8+ Bf8 27. Bb2 f5 28. Bd4 Nd3 29. exf5 gxf5 30. Kf1 Kf7 31. Be8+ Kg8 32. Bh5 e5 33. Be3 f4 34. gxf4 exf4 35. Bd4 Rb4 36. Bc3 Rxb3 37. Rc7 Bd6 38. Rc8+ Bf8 39. Rc7 Bd6 40. Rc8+ Bf8 1/2-1/2

[Event "Landesliga Sued 1314"]
[Site "Bayern"]
[Date "2013.10.13"]
[Round "1.1"]
[White "Kempter, Ronald"]
[Black "Schmidt, Georg"]
[Result "0-1"]
[WhiteElo "2248"]
[BlackElo "2344"]
[PlyCount "62"]
[EventDate "2013.10.13"]
[EventType "team-tourn"]
[EventRounds "9"]
[EventCountry "GER"]
[SourceTitle "EXT 2015"]
[Source "ChessBase"]
[SourceDate "2014.11.20"]
[SourceVersion "1"]
[SourceVersionDate "2014.11.20"]
[SourceQuality "1"]
[WhiteTeam "Krumbach"]
[BlackTeam "Unterhaching"]
[WhiteTeamCountry "GER"]
[BlackTeamCountry "GER"]

1. Nf3 c5 2. c4 Nf6 3. g3 b6 4. Bg2 Bb7 5. 0-0 g6 6. Nc3 Bg7 7. d4 cxd4 8. Qxd4 Nc6 9. Qd3 Rc8 10. e4 Ng4 11. Bf4 Nge5 12. Bxe5 Nxe5 13. Nxe5 Bxe5 14. Rad1 d6 15. b3 0-0 16. Bh3 Rc5 17. Nb5 Qa8 18. Rfe1 a6 19. Nd4 b5 20. cxb5 axb5 21. Qe2 b4 22. f4 Bg7 23. Bg2 Rfc8 24. Qf2 Bxd4 25. Qxd4 Rc2 26. Ra1 Rxa2 27. Rxa2 Qxa2 28. Qxb4 Rc2 29. Bf3 Qa7+ 30. Kh1 Qf2 31. Be2 Rxe2 0-1

[Event "Landesliga Sued 1213"]
[Site "Bayern"]
[Date "2013.02.24"]
[Round "7.1"]
[White "Kempter, Ronald"]
[Black "Grimberg, Boris"]
[Result "1/2-1/2"]
[WhiteElo "2190"]
[BlackElo "2377"]
[PlyCount "84"]
[EventDate "2012.10.14"]
[EventType "team-tourn"]
[EventRounds "9"]
[EventCountry "GER"]
[SourceTitle "EXT 2015"]
[Source "ChessBase"]
[SourceDate "2014.11.20"]
[SourceVersion "1"]
[SourceVersionDate "2014.11.20"]
[SourceQuality "1"]
[WhiteTeam "Krumbach"]
[BlackTeam "Haunstetten"]
[WhiteTeamCountry "GER"]
[BlackTeamCountry "GER"]

1. Nf3 Nf6 2. g3 b5 3. Bg2 Bb7 4. 0-0 e6 5. d4 d5 6. c3 Nbd7 7. Qb3 a6 8. Bg5 c5 9. Nbd2 Be7 10. a4 c4 11. Qc2 0-0 12. axb5 axb5 13. b3 cxb3 14. Qxb3 Bc6 15. Rxa8 Qxa8 16. Ne5 Rc8 17. Rb1 h6 18. Nxc6 Qxc6 19. Bxf6 Nxf6 20. Qxb5 Qxc3 21. Qb2 Qc2 22. e3 Ba3 23. Qxc2 Rxc2 24. Nf3 Ng4 25. Ne1 Rd2 26. Nf3 Rc2 27. Ne1 Rd2 28. Nf3 Re2 29. Rf1 Bd6 30. h3 Nf6 31. Ne1 Nd7 32. Nf3 Nf6 33. Ne1 g5 34. Bf3 Rd2 35. Ng2 h5 36. Rd1 Rb2 37. Ne1 Kg7 38. Nd3 Ra2 39. Nc1 Rc2 40. Nd3 Ra2 41. Nc1 Rc2 42. Nd3 Ra2 1/2-1/2

[Event "Landesliga Sued 1213"]
[Site "Bayern"]
[Date "2013.02.03"]
[Round "6.1"]
[White "Kosic, Dragan"]
[Black "Kempter, Ronald"]
[Result "1-0"]
[WhiteElo "2489"]
[BlackElo "2190"]
[PlyCount "95"]
[EventDate "2012.10.14"]
[EventType "team-tourn"]
[EventRounds "9"]
[EventCountry "GER"]
[SourceTitle "EXT 2015"]
[Source "ChessBase"]
[SourceDate "2014.11.20"]
[SourceVersion "1"]
[SourceVersionDate "2014.11.20"]
[SourceQuality "1"]
[WhiteTeam "Muenchen Suedost"]
[BlackTeam "Krumbach"]
[WhiteTeamCountry "GER"]
[BlackTeamCountry "GER"]

1. d4 Nf6 2. Bg5 e6 3. e4 h6 4. Bxf6 Qxf6 5. Nc3 d6 6. Qd2 g5 7. 0-0-0 Bg7 8. e5 Qe7 9. f4 gxf4 10. Nf3 dxe5 11. dxe5 Nc6 12. Bb5 Bd7 13. Qxf4 0-0-0 14. Rhe1 a6 15. Bf1 Kb8 16. a3 Bc8 17. Bd3 Rd7 18. Qg3 Qf8 19. Rf1 Rg8 20. Bh7 Rxd1+ 21. Nxd1 Rh8 22. Be4 Bd7 23. Ne3 f5 24. exf6 Qxf6 25. c3 Qe7 26. Nc4 Rf8 27. Re1 Bh8 28. Bd3 Qc5 29. Nfd2 Bc8 30. Ne4 Qe7 31. Qe3 Qg7 32. g3 h5 33. Nc5 Re8 34. Be2 Qh7 35. Bf3 Ne7 36. Qg5 b6 37. Qxh5 Qg8 38. Nd3 Rd8 39. Nce5 c5 40. Qh4 Re8 41. Qe4 Nd5 42. c4 Bb7 43. cxd5 c4 44. Qxc4 exd5 45. Nd7+ Ka7 46. Rxe8 Qxe8 47. Qc7 Qe3+ 48. Kc2 1-0

[Event "Landesliga Sued 1213"]
[Site "Bayern"]
[Date "2013.01.13"]
[Round "5.1"]
[White "Kempter, Ronald"]
[Black "Buchner, Rudolf"]
[Result "0-1"]
[WhiteElo "2190"]
[BlackElo "2180"]
[PlyCount "82"]
[EventDate "2012.10.14"]
[EventType "team-tourn"]
[EventRounds "9"]
[EventCountry "GER"]
[SourceTitle "EXT 2015"]
[Source "ChessBase"]
[SourceDate "2014.11.20"]
[SourceVersion "1"]
[SourceVersionDate "2014.11.20"]
[SourceQuality "1"]
[WhiteTeam "Krumbach"]
[BlackTeam "Muenchen Tarrasch II"]
[WhiteTeamCountry "GER"]
[BlackTeamCountry "GER"]

1. Nf3 Nf6 2. g3 g6 3. Bg2 Bg7 4. 0-0 0-0 5. c4 c5 6. d4 cxd4 7. Nxd4 Nc6 8. Nc3 Nxd4 9. Qxd4 d6 10. Qd3 Rb8 11. Bd2 Be6 12. Rac1 Qd7 13. b3 Bh3 14. Rfd1 Bxg2 15. Kxg2 Rbc8 16. f3 h6 17. Be3 b6 18. Bd4 Nh7 19. Bxg7 Kxg7 20. Qd4+ f6 21. h4 Rf7 22. Nd5 Qe6 23. Nf4 Qe5 24. e4 Nf8 25. Qf2 Ne6 26. Nxe6+ Qxe6 27. Qd4 Rff8 28. Qd5 Qd7 29. a4 Rc5 30. Qd4 Qe6 31. Qb2 Kh7 32. Re1 g5 33. hxg5 Rxg5 34. g4 Rfg8 35. Kf2 a5 36. Qe2 Qe5 37. Rh1 Qf4 38. Rcg1 Rxg4 39. Rxg4 Rxg4 40. Rh3 Rg6 41. Rh5 Qc1 0-1

[Event "Bayern-chI Bank Hofmann 15th"]
[Site "Bad Wiessee"]
[Date "2011.11.02"]
[Round "5"]
[White "Kempter, Ronald"]
[Black "Bromberger, Stefan"]
[Result "0-1"]
[WhiteElo "2248"]
[BlackElo "2511"]
[PlyCount "76"]
[EventDate "2011.10.29"]
[EventType "swiss"]
[EventRounds "9"]
[EventCountry "GER"]
[SourceTitle "EXT 2012"]
[Source "ChessBase"]
[SourceDate "2011.11.24"]
[SourceVersion "1"]
[SourceVersionDate "2011.11.24"]
[SourceQuality "1"]

1. Nf3 Nf6 2. g3 g6 3. Bg2 Bg7 4. 0-0 0-0 5. c4 d6 6. d4 Nbd7 7. Nc3 e5 8. e4 a6 9. dxe5 dxe5 10. Qc2 c6 11. b3 Re8 12. Bb2 a5 13. Rad1 Qe7 14. Rfe1 Bf8 15. Ne2 Nh5 16. Nc1 f6 17. Nd3 Nc5 18. Nxc5 Qxc5 19. Bc1 Be6 20. Be3 Qb4 21. Bf1 Ng7 22. Nd2 Bc5 23. Bxc5 Qxc5 24. Qb2 Red8 25. Be2 Rd4 26. Qb1 Rf8 27. Nf3 Rxd1 28. Bxd1 Bg4 29. Nd2 Rd8 30. Nf1 Bh3 31. Ne3 Ne6 32. Bg4 Bxg4 33. Nxg4 h5 34. Ne3 Ng5 35. Rd1 Rxd1+ 36. Qxd1 Qd4 37. Qc1 Qxe4 38. h4 Nh3+ 0-1

[Event "BL2-Sued 1011"]
[Site "Germany"]
[Date "2011.02.06"]
[Round "6.2"]
[White "Dann, Matthias"]
[Black "Kempter, Ronald"]
[Result "1-0"]
[WhiteElo "2342"]
[BlackElo "2251"]
[PlyCount "165"]
[EventDate "2010.10.10"]
[EventType "team-tourn"]
[EventRounds "9"]
[EventCountry "GER"]
[SourceTitle "EXT 2012"]
[Source "ChessBase"]
[SourceDate "2011.11.24"]
[SourceVersion "1"]
[SourceVersionDate "2011.11.24"]
[SourceQuality "1"]
[WhiteTeam "Schott Mainz"]
[BlackTeam "Krumbach"]
[WhiteTeamCountry "GER"]
[BlackTeamCountry "GER"]

1. e4 e5 2. Nf3 Nc6 3. Bb5 a6 4. Ba4 Nf6 5. 0-0 Be7 6. Re1 b5 7. Bb3 0-0 8. h3 d6 9. c3 Nb8 10. d4 Nbd7 11. Nbd2 Bb7 12. Bc2 Re8 13. Nf1 Bf8 14. Ng3 g6 15. a4 Bg7 16. Bd3 c6 17. Bg5 h6 18. Bd2 Qb6 19. b4 Nh7 20. Be3 Qc7 21. Qd2 h5 22. dxe5 dxe5 23. c4 bxa4 24. c5 a5 25. Rxa4 axb4 26. Rxb4 Ba6 27. Reb1 Reb8 28. Rxb8+ Rxb8 29. Rxb8+ Nxb8 30. Bc2 Bc4 31. Qc3 Be6 32. Nf1 f6 33. N1d2 Bf8 34. Nc4 Nd7 35. Nb6 Be7 36. Ne1 Nhf8 37. Nd3 Bf7 38. Qa5 Kg7 39. Qa8 Ne6 40. Nc8 Bxc5 41. Nxc5 Nexc5 42. Ne7 Nb7 43. h4 Nd8 44. Qa3 Nb6 45. Qa5 Nd5 46. Qxc7 Nxc7 47. Bb6 Nce6 48. f3 Be8 49. Bb3 Bd7 50. Kf2 Nd4 51. Bc4 N8e6 52. g3 Kf7 53. Bc5 Kg7 54. Bd6 Nd8 55. f4 exf4 56. gxf4 Be6 57. Ba6 Bd7 58. Bd3 Nb7 59. Ba3 Nb5 60. Bb4 c5 61. Bd2 Nc7 62. e5 Be8 63. Be4 Nd8 64. Ba5 Nce6 65. f5 gxf5 66. Nxf5+ Kf7 67. Nd6+ Ke7 68. Nxe8 Kxe8 69. Bg6+ Ke7 70. exf6+ Kxf6 71. Bxh5 Nc6 72. Bd2 Ne7 73. Bd1 Nd5 74. Kf3 Ne7 75. Ke4 Ng6 76. h5 Ngf4 77. h6 Ng6 78. Bc2 Ng5+ 79. Kd5 Nf7 80. Kxc5 Ne7 81. Bc3+ Ne5 82. Bxe5+ Kxe5 83. h7 1-0

[Event "BL2-Sued 1011"]
[Site "Germany"]
[Date "2010.12.12"]
[Round "4.2"]
[White "Kempter, Ronald"]
[Black "Boric, Muhamed"]
[Result "0-1"]
[WhiteElo "2251"]
[BlackElo "2377"]
[PlyCount "184"]
[EventDate "2010.10.10"]
[EventType "team-tourn"]
[EventRounds "9"]
[EventCountry "GER"]
[SourceTitle "EXT 2012"]
[Source "ChessBase"]
[SourceDate "2011.11.24"]
[SourceVersion "1"]
[SourceVersionDate "2011.11.24"]
[SourceQuality "1"]
[WhiteTeam "Krumbach"]
[BlackTeam "Untergrombach"]
[WhiteTeamCountry "GER"]
[BlackTeamCountry "GER"]

1. Nf3 Nf6 2. g3 g6 3. Bg2 d5 4. d4 Bg7 5. c4 0-0 6. cxd5 Nxd5 7. 0-0 Nb6 8. e4 Nc6 9. d5 Na5 10. Qe1 Nac4 11. Nc3 c6 12. b3 Na5 13. dxc6 Nxc6 14. h3 Bxh3 15. Bxh3 Qd3 16. Qe3 Qxc3 17. Qxc3 Bxc3 18. Rb1 e6 19. Bg5 Kg7 20. Rbc1 Bf6 21. Be3 Rac8 22. Rfd1 Rfd8 23. Bf1 Nd7 24. Kg2 Ndb8 25. Be2 Rxd1 26. Rxd1 Rd8 27. Rc1 Rd7 28. g4 h6 29. Rh1 g5 30. Rc1 a6 31. Rc4 Kg8 32. Kf1 Ne7 33. b4 Nbc6 34. a4 b5 35. axb5 axb5 36. Rc5 Nxb4 37. Rxb5 Nc2 38. Rb8+ Kh7 39. Bc5 Nc6 40. Rc8 N2d4 41. Nxd4 Nxd4 42. Bxd4 Bxd4 43. Bb5 Rb7 44. Bd3 Kg7 45. Rd8 Ba7 46. Rc8 Rb3 47. Ke2 Kf6 48. Rc7 Bd4 49. Bc2 Rb2 50. f3 Be5 51. Rc5 Ra2 52. Rc4 Bd6 53. Rc6 Ke5 54. Kd3 Ra3+ 55. Ke2 Bb8 56. Rc8 Bd6 57. Rc6 Ra5 58. Bd3 Ra1 59. Kd2 Bb4+ 60. Ke3 Ra2 61. Rc2 Ra5 62. Rc4 Bc5+ 63. Ke2 Kf4 64. Rc2 Bd4 65. Rc4 Bb6 66. Rc6 Ra2+ 67. Rc2 Ra1 68. Rc6 Bd4 69. Rc4 Be5 70. Rc5 f6 71. Rc2 Rh1 72. Bc4 Rh3 73. Bxe6 Rxf3 74. Bf5 Rh3 75. Rc1 Rh2+ 76. Kd3 h5 77. gxh5 Rxh5 78. Rg1 Rh4 79. Ke2 g4 80. Rf1+ Kg5 81. Be6 Bf4 82. Rf2 Rh3 83. Rg2 Re3+ 84. Kf1 g3 85. Re2 Rc3 86. Kg2 Be5 87. Bf5 Kf4 88. Ra2 Rc1 89. Rd2 Bc3 90. Re2 Bd4 91. Bg6 Rg1+ 92. Kh3 Rh1+ 0-1

[Event "BL2-Sued 1011"]
[Site "Germany"]
[Date "2010.10.24"]
[Round "2.2"]
[White "Kempter, Ronald"]
[Black "Volke, Karsten"]
[Result "1/2-1/2"]
[WhiteElo "2251"]
[BlackElo "2421"]
[PlyCount "58"]
[EventDate "2010.10.10"]
[EventType "team-tourn"]
[EventRounds "9"]
[EventCountry "GER"]
[SourceTitle "EXT 2012"]
[Source "ChessBase"]
[SourceDate "2011.11.24"]
[SourceVersion "1"]
[SourceVersionDate "2011.11.24"]
[SourceQuality "1"]
[WhiteTeam "Krumbach"]
[BlackTeam "Boeblingen"]
[WhiteTeamCountry "GER"]
[BlackTeamCountry "GER"]

1. Nf3 c5 2. g3 b5 3. Bg2 Bb7 4. 0-0 Nf6 5. c3 e6 6. d4 cxd4 7. cxd4 Be7 8. Bg5 0-0 9. Nbd2 a5 10. Ne1 Bxg2 11. Kxg2 Nc6 12. Bxf6 Bxf6 13. e3 Qb6 14. Nd3 Be7 15. Qe2 a4 16. Rfc1 Rac8 17. Kg1 Na5 18. Qd1 f6 19. Rxc8 Rxc8 20. Rc1 Rc6 21. Rxc6 Qxc6 22. Qc1 Qxc1+ 23. Nxc1 Bb4 24. Nb1 Nc4 25. Nd3 Be7 26. Nc3 Nd6 27. Nc5 Nc4 28. Nd3 Nd6 29. Nc5 Nc4 1/2-1/2